Quizzes
Events
Quiz Creation
Community
Videos
Private Events
Remove Ads
Sign In
Join for FREE
Feedback
Dark Mode
Quiz Categories
Sports
Geography
Music
Movies
Television
Just For Fun
Miscellaneous
History
Literature
Language
Science
Gaming
Entertainment
Religion
Holiday
For Kids
Quiz Lab
Recent
Popular Today
Quiz Kudos Today
Editor Picks
Curator Picks
Quizzes by...
Day
Popularity
Type
Ratings
Length
Year
Community
Subscriptions
Recent Discussions
Orange Saloon
Badges
Playlists
Quests
Create
Leaderboards
Showdown
Live 5
Trivia Bingo
Activity
Puzzle Library
Sporcle Events
Private Events
Virtual Trivia
Globe League
Become a Host
Pub Owners
SporcleCon
Opinionation
Our Games
Videos
Blog
Mobile Apps
Partnerships
Remove Ads and Go Orange
Feedback
Music
Pop Music
The Beatles
Song
Album
Lyrics
Bands
Singers
Artist
Clip
Rock
Rap
Classical
Billboard
Country Music
Kpop
Taylor Swift
Music
Pop Music
The Beatles
Song
Album
Lyrics
Bands
Singers
Artist
Clip
Rock
Rap
Classical
Billboard
Country Music
Kpop
Taylor Swift
Random Quiz
Search Sporcle
×
Quiz Lab
Quiz Lab
Music
Rap
Type in answers that appear in a list
Type in answers that appear in a list
Classic
Best Score? Go Orange.
Rap Songs By Opening Lyrics Stats
Can you name the Rap Songs By Opening Lyrics?
By
ceejay13
15m
39 Questions
86 Plays
86 Plays
86 Plays
Comments
Comments
Give Quiz Kudos
Give Quiz Kudos
-
- Ratings
hide this ad
Replay
Link that replays current quiz
Next Quiz
Link to next quiz in quiz playlist
You Got
0%
They Got
Avg Score
32%
Avg Friend Score
Upgrade to see
Score Distribution
Jump to the score distribution portion of the page
Score
0/39
Timer
15:00
0
Plays Today
Opening Lyrics
Song
% Correct
Go shawty, it's your birthday, we gon' party like it's yo' birthday, we gon' sip bacardi like it's yo birthday....
In Da Club
79.1%
Black stripe, yellow paint, I hear they scared of it, but them pro's ain't...
Black And Yellow
73.3%
Yellow model chick, yellow bottle sippin', yellow lambourghini, yellow top missin'...
Look At Me Now
59.3%
Now let me welcome everybody to the wild, wild west, a state that's untouchable like elliot ness...
California Love
57%
I got, Ice in veins, blood in my eyes, hate in my heart, love on my mind...
Drop The World
55.8%
Hailie, I know you miss your mom, and I know you miss your dad...
Mockingbird
54.7%
Ball so hard mo'f*ckas wanna fine me, but first n*ggas gotta find me...
N*ggas In Paris
53.5%
Last name ever, First name greatest, Like a sprained ankle I ain't nothin' to play with...
Forever
51.2%
When I walk on by, girls be lookin' like d*mn he fly, I pimp to the beat...
Sexy And I Know It
50%
They be like Smooth, can you {song title}, ya know why? Cuz all the b*tches love me....
Teach Me How To Dougie
45.3%
She got that good good, she Michael Jackson bad, i'm attracted to her, and her attractive *ss...
Bedrock
43%
Jerk, I'm so cocky wit' it, Got my iced out clothes like Rocky hit it....
You're A Jerk
40.7%
So what? I gotta rolled up sag in my pants, Not carin' what I show, Keepin' it real for my n*ggas
Young, Wild, & Free
40.7%
I'm a f*ckin' walking paradox, no i'm not, threesomes with a f*ckin' triceratops
Yonkers
37.2%
1-
2-
3 into the 4, Snoop Doggy Dogg and Dr. Dre is at the door...
Nuthin' But A 'G' Thang
36%
Ludacris goin' in on the verse cause i've never been defeated and I won't stop now...
All I Do Is Win
34.9%
I got the rap patrol on the gat patrol, Fools that wanna make sure my caskets closed...
99 Problems
33.7%
I know you gotta roommate, call me when there's noone there, put the key under the mat and you know I'll be over there...
Best I Ever Had
33.7%
She can go lower than I ever really thought she could, face down (a$$ up!)...
How Low
31.4%
Cool, calm, just like my mom, With a couple of valium inside her palm...
Purple Pills
29.1%
Opening Lyrics
Song
% Correct
By the time you hear this, I will already have spiraled up, I would never do nothin' to let you cowards f*ck my world up...
Lighters
27.9%
I tell her, now go on and pop that p*ssy for a real n*gga, I already know life is deep but I still dig her...
She Will
26.7%
Throw dirt on me, and grow a wild flower, but it's f*ck the world, get a child out 'er...
No Love
26.7%
Man I go to work, true winner, jeans skinny, like squidward...
Cat Daddy
24.4%
Got the body of a goddess, Got eyes of a pecan brown, I see you girl.....
I'm In Love With A Stripper
23.3%
Look at me, look at me, hands in the air like it's good to be, alive, and i'm a famous rapper...
Handlebars
23.3%
Started in Atlanta then spreaded out wit it, South Carolina, Alabama, Mississippi...
We Takin' Over
22.1%
Alright, stop what you're doin', cuz i'mma bout to ruin, the image of the style that you're use to...
Humpty Dance
22.1%
E'rybody clear out, hand me the rock, Time runnin' down, three seconds on the shot clock...
Do The John Wall
18.6%
Some days I just wanna up and call it quits, i feel like i'm surrounded by a wall of bricks...
Rabbit Run
15.1%
Hold up, d*mn rich, peanut butter guts in the lambourghini woah!...
Daddy's Lambo
15.1%
I come around like what goes around, what goes up must come down...
Despicable
14%
Brace yourself, for the main event, ya'll impatiently waiting like an aids test, what's the results...
Ether
11.6%
I am the female Weezy, This sh*t is easy, pull up in that new new, b*tch get a squeegie...
Y.U. Mad
9.3%
My name is Joker, habitual smoker, I burn so many trees that I have splinters in my toaster...
We Do It For Fun, Part 1
8.1%
Cuz we be stuntin' on these b*tches, Get money on these b*tches, $250 on the wrist N*gga we be the illest...
I Run This
7%
Be-
fore I, take another minute just to give everybody a movie, they never seen imma hit ‘em with another (elbow)...
Let's Go
7%
We like the breeze flow straight out of our lids, Them they got moved by these hard-
rock Brooklyn kids...
Rebirth Of Slick (Cool Like Dat)
7%
2:45 and the bell went off, thank god, many people think i'm odd, but I talk with noone...
In My Room
4.7%
Quiz Playlist
Details
Report
Send in Message
Add To Playlist
Classic:
Type in answers that appear in a list
Last Updated: Feb 16, 2017
Quiz Scoreboard
CHALLENGE
Sign Up to Join the Scoreboard
Show All
Scores
Hide
Comments
May contain spoilers
Recently Published
Presidents Visiting Landmarks
by Hejman
History
7m
An Introduction to Baseball
by treessimontrees
Sports
5m
Movies - When Are They Set?
by FPL_Elf
Movies
5m
More to Explore
Quiz From the Vault
Featured Blog Post
Where Did the Easter Bunny Come From?
hide this ad
You Might Also Like...
Tags
Rap Quiz
Rap Albums
Rap Artists
Rap Crew
Rap Group
Today's Top Quizzes in Music
Browse Music
hide this ad
Today's Top Quizzes in Rap
Browse Rap
Top Contributed Quizzes in Music
1
Taylor Swift All Songs (2024)
2
Guess the Artist- 70s Songs
3
One Thing in Common: Music
4
KPOP LOGIC QUIZ
5
2010s Album by Cover III
6
Taylor Swift Logic Puzzle
7
Guess the Taylor Swift song (Mystery Song)
8
7-to-1: Billboard Hot 100 #1 Hits of 2010s
9
2010s Album by Cover IV
10
2010s Album by Cover V
Explore More
Trending Topics
Disney
Marvel
Kpop
Crossword
Anime
NBA
Harry Potter
Soccer
Song
Pokémon
Country
Puzzle
NFL
WWE
The Office
hide this ad
More By:
ceejay13
Quiz
Plays
Rating
Category
Featured
Created
Rap Songs By Opening Lyrics
86
Music
Jan 21, 2012
Go to Creator's Profile
Score Distribution
Quiz Creator Spotlight
ceejay13
Follow
Send a Message
Quizzes Created
-
Created Quiz Play Count
-
More By This Creator
Popular Quizzes Today
1
Find the US States - No Outlines Minefield
2
Find the Countries of Europe - No Outlines Minefield
3
The Countries of the World
4
Find the US States
5
Popular People in 1961
6
US States
7
Risky Map Clicking: Biggest States A-Z
8
1-10 Letter E Words III
More Music Quizzes
Where's That Word Gone?
Editor's Pick
Trending Quizzes
Risky Map Clicking: Least Populous States A-Z
1-10 Letter G Words
1-10 Letter F Words
One Thing in Common: United Kingdom
Risky Map Clicking: Next State Alphabetically
Recently Updated
Leaping Animals
pecheneg
Reality TV Shows (A-Z)
bhenderson79
Rickey Henderson's Hall of Fame Teammates
pecheneg
Champions League XIs: Arsenal
pecheneg
Quick Pick: Celebrities in WWE's Hall of Fame
aduchscher
A-Z Keypad Blitz II
pecheneg
Multiple Oscar Actors
pecheneg
Mystery Phrase Blitz: Oscar 'Best Actors'
pecheneg
F. Scott Fitzgerald Novels
LTH
Pick 3 Villains
ddd62291
Trending Topics
Crossword
NBA
Kpop
Disney
Anime
Marvel
Harry Potter
Country
The Office
Soccer
Puzzle
NFL
Song
WWE
Pokémon
Your Account Isn't Verified!
In order to create a playlist on Sporcle, you need to verify the email address you used during registration. Go to your
Sporcle Settings
to finish the process.
Report this User
Report this user for behavior that violates our
Community Guidelines
.
Details:
Send Report
Go to the Sporcle.com Mobile Site →
Comments